Autobiography in Indian writing in english/ (Record no. 139345)

000 -LEADER
fixed length control field 00510nam a22001697a 4500
020 ## - INTERNATIONAL STANDARD BOOK NUMBER
International Standard Book Number 9788178844138
082 ## - DEWEY DECIMAL CLASSIFICATION NUMBER
Classification number 828.993 509 2
Item number LAW/A
100 ## - MAIN ENTRY--PERSONAL NAME
Personal name Lawrence D'Souza
9 (RLIN) 60392
245 ## - TITLE STATEMENT
Title Autobiography in Indian writing in english/
Statement of responsibility, etc. by Lawrence D'Souza
260 ## - PUBLICATION, DISTRIBUTION, ETC.
Place of publication, distribution, etc. Newdelhi:
Name of publisher, distributor, etc. Cyber,
Date of publication, distribution, etc. 2009.
300 ## - PHYSICAL DESCRIPTION
Extent 264p.
650 ## - SUBJECT ADDED ENTRY--TOPICAL TERM
Topical term or geographic name entry element Autobiography Literary Writers
9 (RLIN) 60393
650 ## - SUBJECT ADDED ENTRY--TOPICAL TERM
Topical term or geographic name entry element Autobiography Indian Writers
9 (RLIN) 60394
650 ## - SUBJECT ADDED ENTRY--TOPICAL TERM
Topical term or geographic name entry element Literature English
9 (RLIN) 60395
650 ## - SUBJECT ADDED ENTRY--TOPICAL TERM
Topical term or geographic name entry element Literature
9 (RLIN) 60396
942 ## - ADDED ENTRY ELEMENTS (KOHA)
Koha item type Book
Holdings
Withdrawn status Lost status Damaged status Not for loan Permanent Location Current Location Shelving location Date acquired Cost, normal purchase price Total Checkouts Full call number Barcode Date last seen Price effective from Koha item type
        Sree Sankaracharya University of Sanskrit Sree Sankaracharya University of Sanskrit Stacks 01.10.2018 750.00   828.993 509 2 LAW/A 091970 01.10.2018 01.10.2018 Book